000 00859nam a22002537a 4500
005 20170123162348.0
010 _aB-100317
020 _c200.00
_a818573898
035 _aB-100317
037 _bCen Lib/Ret
040 _aDPL
_bUR
082 _a840.92
_bن ق و
100 _aامام مرتضیٰ نقوی
_9114169
245 _aنمواران ادب /
_cامام مرتضیٰ نقوی
246 _aNamwaran-e-adab /
_bby Imam Murtaza Naqvi
260 _aدہلی
_bکتاب والا
_c2004
270 _a٢٧٩٤، گلی جھوٹ ولی، پہاڑی بھوجلہ
_bدہلی
_e110006
300 _a168p.
_c21cm(Hb)
650 _aادب -- اردو
_9135068
650 _aاردو تنقید
_9135069
650 _aLiterature -- Urdu
_9135070
650 _aUrdu criticism
_9135071
942 _2ddc
_cUR
_h840.92
_mن ق و
999 _c109072
_d109072